| 000 | 01056nam a22002537a 4500 | ||
|---|---|---|---|
| 005 | 20171129102354.0 | ||
| 010 | _aUR-9847-50 | ||
| 020 | 6 | _c215.00(vol.1) | |
| 020 | 6 | _c270.00(vol.2) | |
| 020 | 6 | _c210.00(vol.3) | |
| 020 | 6 | _c220.00(vol.4) | |
| 035 | _aU-8402-05 | ||
| 037 | _bDBAD/PUB | ||
| 082 | _a270.54 | ||
| 100 | _aثر و ت صو لت | ||
| 245 |
_aملت ا سلا میا ن کی مختصر تا ر یخ _cثر و ت صو لت |
||
| 246 |
_b _aMillat-e-Islamia ki Mukhtasar Tareekh |
||
| 250 | _aby Sarwat Saulat | ||
| 260 |
_a نئی د لی _bMerkazi Maktaba Islami Publishers _c2014(vol.1-3),2016(vol.3) |
||
| 270 |
_aD307,Dawat Nagar,Abul Fazal Enclave,Jamia Nagar , _b New Delhi _e110025 _k01126971652 _l- |
||
| 300 |
_a396(vol.1),572(vol.2),392(vol.3),410(vol.4)ص _c22 Cm.(B.b) |
||
| 500 | _aدو حصہ | ||
| 942 |
_2ddc _cUR _h270.54 _mث ر و _e |
||
| 999 |
_c146899 _d146899 |
||